Every Island In Sea Of Thieves :0 - Statistics

General Stats
  • This quiz has been taken 5 times
  • The average score is 9 of 90
Answer Stats
Answer % Correct
Plunder Outpost
75%
Plunder Valley
75%
Dagger Tooth Outpost
50%
Morrow’s Peak Outpost
50%
Reaper’s Hideout
50%
Shipwreck Bay
50%
Snake Island
50%
Ancient Spire Outpost
25%
Booty Isle
25%
Cannon Cove
25%
Castaway Isle
25%
Chicken Isle
25%
Cinder Islet
25%
Crescent Isle
25%
Fort Of The Damned
25%
Galleon’s Grave
25%
Isle Of Last Words
25%
Liar’s Backbone
25%
Lonely Isle
25%
Lost Gold Fort
25%
North Star Seapost
25%
Sanctuary Outpost
25%
Sea Dog’s Rest
25%
Smuggler’s Bay
25%
The Finest Trading Post
25%
Ashen Reaches
0%
Barnacle Cay
0%
Black Sand Atoll
0%
Black Water Enclave
0%
Blind Man’s Lagoon
0%
Boulder Cay
0%
Brian’s Bazaar
0%
Brimstone Rock
0%
Crooked Masts
0%
Crook’s Hollow
0%
Crow’s Nest Fortress
0%
Cursewater Shores
0%
Cutlass Cay
0%
Devil’s Ridge
0%
Devil’s Thirst
0%
Discovery Ridge
0%
Fetcher’s Rest
0%
Flame’s End
0%
Flintlock Peninsula
0%
Fools Lagoon
0%
Foresaken Brink
0%
Glowstone Cay
0%
Golden Sands Outpost
0%
Hidden Spring Keep
0%
Keel Haul Fort
0%
Kraken’s Fall
0%
Kraken Watchtower
0%
Lagoon Of Wispers
0%
Lone Cove
0%
Lookout Point
0%
Magma’s Tide
0%
Marauder's Arch
0%
Mermaids Hidaway
0%
Molten Sands Fortress
0%
Mutineer Rock
0%
Old Faithful Isle
0%
Old Salts Atoll
0%
Paradise Spring
0%
Picaroon Palms
0%
Plunderer’s Plight
0%
Rapier Kay
0%
Roaring Sands
0%
Roaring Traders
0%
Ruby’s Fall
0%
Rum Runner Isle
0%
Sailor’s Bounty
0%
Sailor’s Knot Stronghold
0%
Salty Sands
0%
Sandy Shallows
0%
Scorched Pass
0%
Shark Bait Cove
0%
Shark Fin Camp
0%
Shark Tooth Key
0%
Shiver Retreat
0%
Skull Keep
0%
Stephen’s Spoils
0%
Sunken Grove
0%
Survey Isley
0%
The Spoils Of Plenty
0%
Thieves’ Haven
0%
Three Paces East Seapost
0%
Tri-Rock Isle
0%
Twin Groves
0%
Wanderer’s Refuge
0%
Wild Treasures Store
0%
No matching quizzes found
Score Distribution
Percent of People with Each Score
Percentile by Number Answered
Your Score History
You have not taken this quiz